banner koha

Ocupacao agricola da Amazonia. Primeiros estudos para fixacao de diretrizes [Brasil] (Registro n. 28825)

MARC details
000 -LÍDER
campo de controle de tamanho fixo 01073nam a22003377a 4500
001 - NÚMERO DE CONTROLE
campo de controle BR7909092
003 - IDENTIFICADOR DO NÚMERO DE CONTROLE
campo de controle BR-BrBNA
005 - DATA E HORÁRIO DA ÚLTIMA TRANSAÇÃO
campo de controle 20230928090432.0
007 - CAMPO FIXO DE DESCRIÇÃO FÍSICA--INFORMAÇÃO GERAL
campo de controle de tamanho fixo ta
008 - CAMPO DE DADOS FIXOS--INFORMAÇÃO GERAL
campo de controle de tamanho fixo 230509b bl.||||| |||| 00| 0 por d
040 ## - FONTE DA CATALOGAÇÃO
Instituição da catalogação original BR-BrBNA
Idioma da catalogação por
Instituição que transcreveu o registro Biblioteca Nacional de Agricultura
041 ## - CÓDIGO DE IDIOMA
Código do idioma do texto/trilha sonora ou título diferente (Por)
072 ## - CÓDIGO DE CATEGORIA DE ASSUNTO
Código de Categoria de Assunto E10
Código do objeto /G514
090 ## - NÚMERO DE CHAMADA LOCAL
-- E10 BR7909092
110 1# - ENTRADA PRINCIPAL--NOME CORPORATIVO
Nome corporativo ou nome da jurisdição Universidade Federal de Minas Gerais, Belo Horizonte (Brasil). Centro de Desenvolvimento e Planejamento Regional
9 (RLIN) 10836
245 1# - TÍTULO
Título Ocupacao agricola da Amazonia. Primeiros estudos para fixacao de diretrizes [Brasil]
260 3# - PUBLICAÇÃO, DISTRIBUIÇÃO, ETC.
Local de publicação, distribuição, etc. Belo Horizonte, MG (Brasil):
Data da publicação, distribuição, etc. 1979.
300 ## - DESCRIÇÃO FÍSICA
Extensão 338 p.
500 ## - NOTA GERAL
Nota geral 23 illus.; 31 tables; Bibliography p. 326-338 (135 ref.)
650 ## - ASSUNTO--TERMO TÓPICO
Cabeçalho tópico ou nome geográfico POLITICA AGRICOLA
650 ## - ASSUNTO--TERMO TÓPICO
Cabeçalho tópico ou nome geográfico POLITICA GOVERNAMENTAL
650 ## - ASSUNTO--TERMO TÓPICO
Cabeçalho tópico ou nome geográfico ECONOMIA AGRICOLA
650 ## - ASSUNTO--TERMO TÓPICO
Cabeçalho tópico ou nome geográfico DEMOGRAFIA
650 ## - ASSUNTO--TERMO TÓPICO
Cabeçalho tópico ou nome geográfico ESTRUTURA AGRARIA
650 ## - ASSUNTO--TERMO TÓPICO
Cabeçalho tópico ou nome geográfico TRANSPORTE
650 ## - ASSUNTO--TERMO TÓPICO
Cabeçalho tópico ou nome geográfico ARMAZENAMENTO
650 ## - ASSUNTO--TERMO TÓPICO
Cabeçalho tópico ou nome geográfico EXPLORACAO AGRICOLA
650 ## - ASSUNTO--TERMO TÓPICO
Cabeçalho tópico ou nome geográfico AMAZONIA
909 ## -
-- 202309
-- Lucia
-- 55
-- Lucia Elande
942 ## - ELEMENTOS DE ENTRADA ADICIONADOS (KOHA)
Tipo de material Koha Livros
Exemplares
Situação do descarte Fonte da classificação ou esquema de arquivamento na estante Situação física Não pode ser emprestado Coleção Biblioteca de origem Biblioteca atual Total de empréstimos Número de telefone completo Código de barras Data de último acesso Número do exemplar Tipo de material Koha Situação das perdas Data de aquisição Fonte de aquisição
  Classificação AGRIS       Biblioteca Nacional de Agricultura - Binagri Biblioteca Nacional de Agricultura - Binagri   E10 BR7909092 E10 BR7909092 25/09/2023 01 Livros   2023-09-25 Portaria Interministerial nº 164/94

BINAGRI

Telefone: (61)3218-2567/2388/3357/2097 - binagri@agro.gov.br

Ministério da Agricultura e Pecuária , Esplanada dos Ministérios, Bloco D, Anexo B, Brasília/DF, CEP: 70.043-900